| 000 | nam a22 a 4500 | ||
|---|---|---|---|
| 999 |
_c3644 _d3644 |
||
| 005 | 20170523143150.0 | ||
| 008 | 170523|1986 N || 0|| ||eng d | ||
| 020 | _a0030018927 | ||
| 040 | _aAKMAL | ||
| 082 | _a658.8342 ENG | ||
| 090 |
_a658.8342 _bENG |
||
| 100 |
_aEngel, James F. _97209 |
||
| 245 |
_aConsumer behavior _c James F. Engel, Roger D. Blackwell, Paul W. Miniard. |
||
| 250 | _a5th ed. | ||
| 260 |
_aChicago : _bDryden Press _c1986 |
||
| 300 | _ccm | ||
| 490 | _a Dryden Press Series in Marketing | ||
| 700 |
_aBlackwell, Roger D _97210 |
||
| 942 |
_2ddc _cBOOK |
||